00800nam a22002057a 450000100060000000300080000600500170001400800410003103500190007204000350009104100080012608200320013410000240016624501570019026000660034730000390041350200720045265000370052470000330056183805BD-RjUL20240523172259.0240523s1995 bg a|||| m||| 00| 0 eng d a(BD-RjUL)83805 aBD-RjULbengcBD-RjULdBD-RjUL aeng 223a595.760954924bRAB 1995 aRahman, Md. Jasibar10aBeneficial ladybirds (Coleoptera :bCoccinellidae) of Northern Bangladesh with ecological notes / cBy Md. Jasibar Rahman ;6Supervisor : Md. Sohrab Ali aRajshahi :bDepartment of Zoology, Rajshahi University,c1995 axiii, 228 leaves :bill, ;c30.cm. aThesis (Ph. D.) -- Department of Zoology, Rajshahi University, 1995 aColeopterazNorthern Bangladesh  aAli, Md. Sohrab, Supervisor